| 000 | 00480nam a22001577a 4500 | ||
|---|---|---|---|
| 008 | 160709b xxu||||| |||| 00| 0 eng d | ||
| 020 | _a9715503608 | ||
| 082 |
_22000 _aDFil 899.2111 _bL11 |
||
| 100 |
_911089 _aGuzman, Gloria V. |
||
| 245 |
_aPagbuo ng mga pangarap: _bisang daan at pitong tula/ _cGloria V. Guzman |
||
| 260 |
_aQuezon City: _bADMU Press, _cc2000. |
||
| 300 |
_a162 pages: _c23 cm. |
||
| 650 | 0 |
_911090 _aFilipino poetry |
|
| 365 |
_b324.50 _cPhp. |
||
| 942 |
_2ddc _cDFIL |
||
| 999 |
_c3327 _d3327 |
||